000 01480nam a22002417a 4500
999 _c60966
_d60966
003 Ge_BSU
005 20231130163552.0
008 231130s2023 ge ||||| |||| 00| 0 geo d
020 _a9789941361074
041 _ageo
080 _a376.2 ი-67
245 _aინტელექტუალური დარღვევის მქონე მოსწავლეების სწავლების მეთოდოლოგია
_cავტ-ბი: ია აფთარაშვილი, იაგორ ბალანჩივაძე, ნინო მოდებაძე, ქეთევან დევაძე; სამეც რედ. მაია ჯავახიშვილი, ია აფთარაშვილი; თსუ.
264 _aთბილისი :
_bთსუ,
_c2023.
300 _a270 გვ.:
_bილ.;
_c30 სმ.
700 _aაფთარაშვილი, ია
_eავტორი
_920520
700 _aბალანჩივაძე, იაგორ
_eავტორი
_9845
700 _aმოდებაძე, ნინო
_eავტორი
_920521
700 _aდევაძე, ქეთევან
_eავტორი
_920522
700 _aჯავახიშვილი, მაია
_dრედაქტორი
_920523
700 _aაფთარაშვილი, ია
_eრედაქტორი
_920520
710 _aთსუ
_920524
942 _2udc
_cᲬᲘᲒᲜᲘ